Alfabetización de adultos es un acto creativo, político y de conocimiento, comprometido con el proceso de aprender a leer y escribir la palabra y a leer y escribir la realidad (Registro nro. 16602)

Detalles MARC
000 -CABECERA
Campo de control 006380000a22001690004500
005 - FECHA Y HORA DE LA ULTIMA TRANSACCION
Campo de control 20170214111956.0
008 - ELEMENTOS DE LONGITUD FIJA—INFORMACION GENERAL
Campo de control 170214b xxu||||| |||| 00| 0 spa d
040 ## - FUENTE DE CATALOGACIÓN
Agencia catalogadora original CO-BoIAVH
Agencia transcriptora CO-BoIAVH
041 0# - IDIOMA
Código de idioma para texto/pista de sonido o título separado Español
090 ## - CLASIFICACIÓN LOCAL
Colección AV
Consecutivo 00074
100 1# - ASIENTO PRINCIPAL--NOMBRE PERSONAL
Nombre personal Freire, Paula
110 1# - ASIENTO PRINCIPAL--NOMBRE CORPORATIVO
Language of a work Colombia
Nombre corporativo o de jurisdicción como elemento de entrada Ministerio de Educación Nacional
245 10 - MENCION DE TITULO
Título Alfabetización de adultos es un acto creativo, político y de conocimiento, comprometido con el proceso de aprender a leer y escribir la palabra y a leer y escribir la realidad
260 ## - PUBLICACION, DISTRIBUCION, ETC. (PIE DE IMPRENTA)
Lugar de publicación, distribución, etc. Bogotá
Nombre del editor, distribuidor, etc. Ministerio de Educación Nacional
Fecha de publicación, distribución, etc. 1996
300 ## - DESCRIPCION FISICA
Extensión 27 mm
Otros detalles físicos VHS
942 ## - ELEMENTOS ADICIONALES (KOHA)
Tipo de ítem CD-ROM
Sistema de clasificación Dewey Decimal Classification
Existencias
Withdrawn status Lost status Sistema de Clasificación Damaged status No para préstamo Colección Ubicación Permanente Ubicación actual Fecha de adquisición Fuente de Valor Total Checkouts Número topográfico Inventario / Código de Barras Date last seen Ejemplar Price effective from Forma de adquisición Tipo de material
    Local     Audiovisual Bogotá Bogotá 09/02/2017 Hernández, Sarah   AV-00074 018869 25/03/2015 Ej. 1 25/03/2015 Donación VHS